[Event "Conegliano op"]
[Site "Conegliano"]
[Date "2008.06.01"]
[Round "4"]
[White "Genna, Jose Miguel"]
[Black "Inkiov, Ventzislav"]
[Result "0-1"]
[WhiteElo "2216"]
[BlackElo "2446"]
[PlyCount "88"]
[EventDate "2008.05.31"]
[EventType "swiss"]
[EventRounds "6"]
[EventCountry "ITA"]
[SourceTitle "CBM 124 Extra"]
[Source "ChessBase"]
[SourceDate "2008.07.03"]
[SourceVersion "1"]
[SourceVersionDate "2008.07.03"]
[SourceQuality "1"]

1. e4 c5 2. Nf3 d6 3. d4 cxd4 4. Nxd4 Nf6 5. Nc3 Nc6 6. Bc4 e6 7. Be3 a6 8. Qe2 Qc7 9. Bb3 Na5 10. 0-0-0 b5 11. f3 Be7 12. g4 Nxb3+ 13. axb3 Bb7 14. Kb1 Nd7 15. Qd2 Nc5 16. Bg5 b4 17. Na4 Bxg5 18. Qxg5 0-0 19. Qd2 Nxa4 20. bxa4 d5 21. Rhe1 dxe4 22. fxe4 Rfd8 23. Qxb4 Rab8 24. Nb3 Rdc8 25. Rd2 Bc6 26. Qd4 h6 27. Ree2 Qf4 28. h3 e5 29. Qe3 Qf1+ 30. Ka2 Bxa4 31. Nc5 Bb5 32. Nd3 Rc4 33. Re1 Qf6 34. Kb1 Bc6 35. Qa7 Rb7 36. Qa8+ Kh7 37. Qc8 Rd4 38. Rf2 Qd6 39. Qf5+ g6 40. Qf6 Rxd3 41. cxd3 Qxd3+ 42. Ka1 Qb5 43. Rfe2 Bxe4 44. Qd6 Bd3 0-1

[Event "Bassano del Grappa op 5th"]
[Site "Bassano del Grappa"]
[Date "2005.12.29"]
[Round "5"]
[White "Genna, Jose Miguel"]
[Black "Xia, Jie"]
[Result "1-0"]
[WhiteElo "2225"]
[BlackElo "2111"]
[PlyCount "35"]
[EventDate "2005.12.26"]
[EventType "swiss"]
[EventRounds "5"]
[EventCountry "ITA"]
[SourceTitle "EXT 2007"]
[Source "ChessBase"]
[SourceDate "2006.11.23"]
[SourceVersion "1"]
[SourceVersionDate "2006.11.23"]
[SourceQuality "1"]

1. e4 c5 2. Nf3 e6 3. d4 cxd4 4. Nxd4 a6 5. Nc3 b5 6. Bd3 Qc7 7. 0-0 Nf6 8. Bg5 d6 9. Kh1 Nbd7 10. f4 b4 11. Nb1 d5 12. exd5 Nxd5 13. Nxe6 Qd6 14. Re1 Be7 15. Nxg7+ Kf8 16. Nf5 Qc5 17. Rxe7 N7f6 18. Bh6+ 1-0

[Event "Venice Autumn op-A 10th"]
[Site "Venice"]
[Date "2004.11.01"]
[Round "5"]
[White "Boricsev, Oleg"]
[Black "Genna, Jose Miguel"]
[Result "1-0"]
[WhiteElo "2396"]
[BlackElo "2215"]
[PlyCount "143"]
[EventDate "2004.10.29"]
[EventType "swiss"]
[EventRounds "6"]
[EventCountry "ITA"]
[SourceTitle "EXT 2005"]
[Source "ChessBase"]
[SourceDate "2004.11.15"]
[SourceVersion "1"]
[SourceVersionDate "2004.11.15"]
[SourceQuality "1"]

1. e4 e6 2. d4 d5 3. e5 c5 4. c3 Nc6 5. Nf3 Qb6 6. a3 c4 7. Nbd2 Bd7 8. Be2 Nge7 9. Bxc4 Ng6 10. Ba2 f6 11. 0-0 fxe5 12. Nxe5 Ngxe5 13. dxe5 Nxe5 14. Qh5+ Nf7 15. Bxd5 exd5 16. Re1+ Be7 17. Nf3 Kf8 18. Qxd5 Qd6 19. Qxb7 Bc6 20. Qa6 Bxf3 21. Qxd6 Bxd6 22. gxf3 Ne5 23. Kg2 Kf7 24. Bf4 Rhe8 25. Re4 Re7 26. Rd1 Bc7 27. Bg5 Rae8 28. Bxe7 Rxe7 29. c4 Ng6 30. c5 Be5 31. b4 Rc7 32. Rd5 Kf6 33. Kg1 Bb2 34. a4 Ba3 35. Rd6+ Kf5 36. c6 Nf4 37. Rd7 Rxc6 38. Rf7+ Rf6 39. Rxf6+ gxf6 40. Re7 a5 41. Rxh7 Bxb4 42. h4 Kg6 43. Rh8 Ne2+ 44. Kg2 Nc3 45. f4 Nxa4 46. f5+ Kg7 47. Rb8 Nc5 48. Kf3 Nb3 49. Ra8 Nc5 50. Kg4 Kh6 51. Rh8+ Kg7 52. Ra8 Kh6 53. Rb8 Bc3 54. Rh8+ Kg7 55. Rc8 Bd4 56. Kh5 a4 57. Rc7+ Kf8 58. Kg6 a3 59. Rf7+ Ke8 60. Ra7 Bxf2 61. h5 Nd7 62. Ra8+ Ke7 63. h6 Ne5+ 64. Kg7 Nf7 65. Rxa3 Nxh6 66. Kxh6 Bd4 67. Kg7 Be5 68. Ra7+ Ke8 69. Rf7 Bd4 70. Rxf6 Bxf6+ 71. Kxf6 Kf8 72. Ke6 1-0

[Event "Venice Autumn op-A 10th"]
[Site "Venice"]
[Date "2004.11.01"]
[Round "6"]
[White "Genna, Jose Miguel"]
[Black "Opacic, Alexandar"]
[Result "1/2-1/2"]
[WhiteElo "2215"]
[BlackElo "2105"]
[PlyCount "55"]
[EventDate "2004.10.29"]
[EventType "swiss"]
[EventRounds "6"]
[EventCountry "ITA"]
[SourceTitle "EXT 2005"]
[Source "ChessBase"]
[SourceDate "2004.11.15"]
[SourceVersion "1"]
[SourceVersionDate "2004.11.15"]
[SourceQuality "1"]

1. e4 c5 2. Nf3 e6 3. d4 cxd4 4. Nxd4 a6 5. Nc3 Qc7 6. Be2 Nf6 7. Bf3 Nc6 8. 0-0 Nxd4 9. Qxd4 Bc5 10. Qd3 h5 11. g3 Ng4 12. Bxg4 hxg4 13. Qe2 Qe5 14. Qxg4 d6 15. Bf4 Qf6 16. Qg5 Qxg5 17. Bxg5 f6 18. Be3 Bxe3 19. fxe3 b5 20. a3 Bb7 21. Rfd1 Ke7 22. Rd4 Rac8 23. Rad1 Rhd8 24. a4 Rc5 25. axb5 axb5 26. Ra1 Ra8 27. Rxa8 Bxa8 28. Kf2 1/2-1/2

[Event "Venice Autumn op-A 10th"]
[Site "Venice"]
[Date "2004.10.31"]
[Round "4"]
[White "Genna, Jose Miguel"]
[Black "Foglia, Maurizio"]
[Result "1-0"]
[WhiteElo "2215"]
[BlackElo "2075"]
[PlyCount "107"]
[EventDate "2004.10.29"]
[EventType "swiss"]
[EventRounds "6"]
[EventCountry "ITA"]
[SourceTitle "EXT 2005"]
[Source "ChessBase"]
[SourceDate "2004.11.15"]
[SourceVersion "1"]
[SourceVersionDate "2004.11.15"]
[SourceQuality "1"]

1. e4 Nf6 2. e5 Nd5 3. d4 d6 4. Nf3 Bg4 5. Be2 e6 6. 0-0 Be7 7. c4 Nb6 8. exd6 cxd6 9. Nc3 0-0 10. Be3 d5 11. b3 Nc6 12. c5 Nc8 13. a3 Bf6 14. b4 a6 15. h3 Bxf3 16. Bxf3 N8e7 17. Rc1 Nf5 18. Ne2 g6 19. g3 Bg7 20. Qd2 Qf6 21. Rcd1 Nh4 22. Bg2 Nf3+ 23. Bxf3 Qxf3 24. Kh2 h6 25. Ng1 Qf6 26. f4 Kh7 27. Nf3 Qd8 28. Qd3 Qc7 29. Kg2 Ne7 30. a4 Nf5 31. Bf2 Bf6 32. g4 Ng7 33. Bg3 Qd7 34. Ra1 h5 35. Ne5 Qc7 36. Ra2 Rh8 37. Nf3 Qd8 38. Rfa1 hxg4 39. hxg4 Kg8 40. b5 Ne8 41. b6 Be7 42. Rh1 Rxh1 43. Kxh1 Nf6 44. Ne5 Ne4 45. Rh2 Bf6 46. Be1 Rc8 47. Qh3 Bg7 48. Qh7+ Kf8 49. Bb4 Rc6 50. Nxc6 bxc6 51. b7 Qc7 52. Qh8+ Bxh8 53. Rxh8+ Ke7 54. b8Q 1-0

[Event "Caorle op-B"]
[Site "Caorle"]
[Date "1991.07.12"]
[Round "7.3"]
[White "Travaglini, Alberto"]
[Black "Genna, Jose Miguel"]
[Result "1/2-1/2"]
[WhiteElo "2066"]
[BlackElo "1982"]
[PlyCount "99"]
[EventDate "1991.07.05"]
[EventType "swiss"]
[EventRounds "8"]
[EventCountry "ITA"]
[SourceTitle "EXT 2023"]
[Source "ChessBase"]
[SourceDate "2022.10.05"]
[SourceVersion "1"]
[SourceVersionDate "2022.10.05"]
[SourceQuality "1"]

1. d4 Nf6 2. c4 e6 3. Nc3 Bb4 4. Qc2 c5 5. dxc5 Bxc5 6. Nf3 0-0 7. Bg5 Be7 8. e3 h6 9. Bh4 d5 10. Rd1 Qa5 11. cxd5 exd5 12. Be2 Nc6 13. 0-0 Be6 14. a3 Rac8 15. Nd4 Nxd4 16. Rxd4 Qc7 17. Qa4 Rfd8 18. Bf3 a6 19. Rfd1 Qb6 20. Qc2 Qc7 21. Qd2 b5 22. h3 Qa7 23. Nxd5 Rxd5 24. Bxf6 Rxd4 25. Bxd4 Qc7 26. Bc3 Bb3 27. Re1 Rd8 28. Bd4 Bf6 29. Rc1 Qd7 30. Qc3 Bxd4 31. exd4 Bd5 32. Bxd5 Qxd5 33. Rd1 Rd6 34. Qe3 Rf6 35. f3 Re6 36. Qf2 Qc4 37. Rd2 Qc1+ 38. Kh2 Re1 39. d5 Rf1 40. Qe2 Re1 41. Qf2 g5 42. d6 Rh1+ 43. Kg3 Rd1 44. Qe3 Qxd2 45. Qe8+ Kg7 46. Qe5+ Kg6 47. Qe4+ Kf6 48. Qe7+ Kg7 49. Qe5+ Kh7 50. Qe4+ 1/2-1/2

[Event "Secondario 15th"]
[Site "Caorle"]
[Date "1990.07.10"]
[Round "4.15"]
[White "Bukal, Vladimir Jr"]
[Black "Genna, Jose Miguel"]
[Result "0-1"]
[WhiteElo "1800"]
[BlackElo "2000"]
[PlyCount "122"]
[EventDate "1990.07.07"]
[EventType "swiss"]
[EventRounds "8"]
[EventCountry "ITA"]
[SourceTitle "EXT 2023"]
[Source "ChessBase"]
[SourceDate "2022.10.05"]
[SourceVersion "1"]
[SourceVersionDate "2022.10.05"]
[SourceQuality "1"]

1. e4 e6 2. d4 d5 3. Nc3 Bb4 4. e5 c5 5. a3 Bxc3+ 6. bxc3 Ne7 7. Qg4 Qc7 8. Qxg7 Rg8 9. Qxh7 cxd4 10. Ne2 Nbc6 11. f4 Bd7 12. Qd3 dxc3 13. Qxc3 Nf5 14. Rb1 Rc8 15. Bd2 b6 16. Rg1 Qd8 17. Qh3 Ncd4 18. Nxd4 Nxd4 19. Bd3 Rxc2 20. Bxc2 Nxc2+ 21. Kf2 Qc7 22. Qc3 Qxc3 23. Bxc3 Nxa3 24. Ra1 Nb5 25. Bd2 Bc6 26. g4 Rh8 27. Kg3 Nd4 28. Rg2 a5 29. h4 Nb3 30. Rb1 a4 31. h5 d4 32. Rh2 Be4 33. Re1 Bc2 34. Bb4 d3 35. h6 a3 36. Bxa3 d2 37. Rxd2 Nxd2 38. Rc1 Rxh6 39. Rxc2 Nf1+ 40. Kf3 Rh3+ 41. Ke2 Rh2+ 42. Kd3 Rxc2 43. Kxc2 Ne3+ 44. Kd3 Nxg4 45. Kc4 Ne3+ 46. Kb5 Kd7 47. Bc1 Nd5 48. Ba3 Kc7 49. Bc1 Kb7 50. Bd2 Nc7+ 51. Kc4 Kc6 52. Kd4 Kb5 53. Ke4 Kc4 54. f5 b5 55. fxe6 fxe6 56. Bc1 Nd5 57. Kf3 Kc3 58. Kg4 Kc2 59. Ba3 b4 60. Bxb4 Nxb4 61. Kg5 Nd5 0-1

[Event "Secondario 15th"]
[Site "Caorle"]
[Date "1990.07.09"]
[Round "3.24"]
[White "Genna, Jose Miguel"]
[Black "Luciani, Valerio"]
[Result "1-0"]
[WhiteElo "2000"]
[BlackElo "1800"]
[PlyCount "61"]
[EventDate "1990.07.07"]
[EventType "swiss"]
[EventRounds "8"]
[EventCountry "ITA"]
[SourceTitle "EXT 2023"]
[Source "ChessBase"]
[SourceDate "2022.10.05"]
[SourceVersion "1"]
[SourceVersionDate "2022.10.05"]
[SourceQuality "1"]

1. e4 e6 2. d4 d5 3. Nd2 dxe4 4. Nxe4 Nd7 5. Nf3 Ngf6 6. Bd3 b6 7. Nxf6+ Nxf6 8. 0-0 Bb7 9. c3 Bd6 10. Bg5 h6 11. Bh4 0-0 12. Re1 Be7 13. Bc2 Nd5 14. Qd3 f5 15. Bg3 Bc8 16. Ne5 Qe8 17. a3 Nf6 18. Qf3 Bd7 19. Bb3 Ne4 20. Rxe4 fxe4 21. Qxe4 Bd6 22. Nxd7 Bxg3 23. Nxf8 Bxh2+ 24. Kxh2 Qh5+ 25. Kg1 Rxf8 26. Re1 Qg5 27. Qxe6+ Kh8 28. Bc2 Qd2 29. Qe2 Qf4 30. Qf3 Qd6 31. Qe4 1-0